00421nmm a2200133Ia 4500008004100000020001800041041000800059100002700067245005500094264005500149300001800204650001400222856005100236251105s9999||||xx |||||||||||||||||und|| a9789560101839 aspa aCottet, Pablo (editor) 0aJuventudes : metáforas del Chile contemporáneo a[Santiago de Chile, Chile] :bRil editores, c2015 a282 páginas aSociology uhttps://public.digitaliapublishing.com/a/37336